| 000 | 00852nam a22001937a 4500 | ||
|---|---|---|---|
| 005 | 20250731111515.0 | ||
| 010 | _aHIN-130074 | ||
| 020 | _c110.00 | ||
| 035 | _aHN-102420 | ||
| 037 | _bDBAD | ||
| 082 | _a305.6 | ||
| 100 |
_aमौदूदी सैयद अबुल आला _983519 |
||
| 245 |
_aपरदा / _bसैयद अबुल आला मौदूदी |
||
| 260 |
_aनई दिल्ली _bमक्रजी मक्तबा इस्लामी पब्लिशर्स _c2014 |
||
| 270 | _aडी-307, दावत नगर , अबुल फज्ल इन्कलेव, जामिया नगर , ओखला , नई दिल्ली -110025 | ||
| 300 |
_a280पृ. _c21.3सेमी (अजिल्द) |
||
| 700 | _983490 | ||
| 942 |
_2ddc _cHN _h305.6 _mमौदूदी |
||
| 999 |
_c212739 _d212739 |
||